| 000 | 00000nam 2200000zi 4500 |
| 001 | 9.928830 |
| 003 | CaOODSP |
| 005 | 20240219075151 |
| 006 | m o d f |
| 007 | cr cn||||||||| |
| 008 | 231016t20152015onc o f000 0 eng d |
| 040 | |aCaOODSP|beng|erda|cCaOODSP |
| 043 | |an-cn--- |
| 086 | 1 |aRv4-192/2015E-PDF |
| 245 | 10|aCanada Revenue Agency 2014 public consultations on red tape reduction / |cIpsos Reid. |
| 264 | 1|aOttawa, ON : |b[Canada Revenue Agency], |c2015. |
| 264 | 4|c©2015 |
| 300 | |a1 online resource (8 pages) |
| 336 | |atext|btxt|2rdacontent |
| 337 | |acomputer|bc|2rdamedia |
| 338 | |aonline resource|bcr|2rdacarrier |
| 500 | |aCover title. |
| 500 | |a"April 2015." |
| 500 | |aIssued also in French under title: Agence du revenu du Canada Consultations publiques de 2014 sur la réduction de la paperasse. |
| 520 | |a"As part of its 2014 red tape reduction (RTR) consultations, the Canada Revenue Agency (CRA) commissioned Ipsos Reid to conduct a series of RTR public consultations with small and medium businesses that mainly rely on paper-based information and filing mechanisms, those who use online services, those who have recently been audited and with accountants/bookkeepers for small and medium sized businesses"--Background and objectives, page 3. |
| 610 | 20|aCanada Revenue Agency|xPublic opinion. |
| 650 | 0|aSmall business|xTaxation|zCanada|xPublic opinion. |
| 650 | 0|aBusinesspeople|xTaxation|zCanada|xAttitudes. |
| 650 | 0|aPublic opinion|zCanada. |
| 710 | 2 |aCanada Revenue Agency, |eissuing body. |
| 710 | 2 |aIpsos-Reid (Firm), |econsultant. |
| 775 | 08|tAgence du revenu du Canada Consultations publiques de 2014 sur la réduction de la paperasse / |w(CaOODSP)9.933829 |
| 856 | 40|qPDF|s271 KB|uhttps://publications.gc.ca/collections/collection_2024/arc-cra/Rv4-192-2015-eng.pdf |
| 856 | 4 |qHTML|sN/A|uhttps://www.canada.ca/en/revenue-agency/corporate/about-canada-revenue-agency-cra/small-medium-businesses-canada-revenue-agency-committed-serving-you-better/canada-revenue-agency-2014-public-consultations-on-red-tape-reduction.html |